Normal view
MARC view
Entry Personal Name
001 - CONTROL NUMBER
- control field: 308420
003 - CONTROL NUMBER IDENTIFIER
- control field: DLC
005 - DATE AND TIME OF LATEST TRANSACTION
- control field: 20250311120309.0
008 - FIXED-LENGTH DATA ELEMENTS
- fixed length control field: 940509n| azannabba |n aaa
010 ## - LIBRARY OF CONGRESS CONTROL NUMBER
- LC control number: n 94800780
040 ## - CATALOGING SOURCE
- Original cataloging agency: DNLM
- Language of cataloging: eng
- Transcribing agency: DLC
- Modifying agency: DLC
- Modifying agency: MY-SjTCS
- Description conventions: rda
100 1# - HEADING--PERSONAL NAME
- Personal name: Pathmanathan, Indra
374 ## - OCCUPATION
- Occupation: College teachers
- Occupation: Consultants
- Source of term: lcsh
670 ## - SOURCE DATA FOUND
- Source citation: Designing and conducting health systems research projects, c1991, reprinted 1993:
- Information found: t.p. (Indra Pathmanathan) cover p. 3 (MMBS, MPH; physician, public health, Ministry of Health, Malaysia)
670 ## - SOURCE DATA FOUND
- Source citation: NLM files, 3/8/94
- Information found: (hdg.: Pathmanathan, Indra)
670 ## - SOURCE DATA FOUND
- Source citation: Investing in maternal health in Malaysia and Sri Lanka, 2002:
- Information found: CIP t.p. (Indra Pathmanathan) data sheet (b. 10-21-1936)
675 ## - SOURCE DATA NOT FOUND
- Source citation: NLC 3/8/94